| 000 -LEADER |
| fixed length control field |
00669nam a22001337a 4500 |
| 040 ## - CATALOGING SOURCE |
| Transcribing agency |
RUA |
| 082 ## - DEWEY DECIMAL CLASSIFICATION NUMBER |
| Classification number |
AVM SEM 2012 B101 Or.1 |
| 100 ## - MAIN ENTRY--AUTHOR NAME |
| Personal name |
SEM VICHHAY |
| 245 ## - TITLE STATEMENT |
| Title |
Survey food and mouth disease in cattle at borset district, kompong spue province, (ការអង្កេតកអំពីកម្រិតរាលដាលនៃជំងឺអុតក្ដាមគោ នៅក្នុងស្រុកបរសេដ្ឋ ខេត្តកំពង់ស្ពឺ) |
| 260 ## - PUBLICATION, DISTRIBUTION, ETC. (IMPRINT) |
| Place of publication |
Phnom Penh |
| Name of publisher |
Rua |
| Year of publication |
2012 |
| 300 ## - PHYSICAL DESCRIPTION |
| Number of Pages |
viii; 39p. |
| Other physical details |
ill. |
| Dimensions |
29cm. |
| 856 ## - ELECTRONIC LOCATION AND ACCESS |
| Uniform Resource Identifier |
https://drive.google.com/file/d/1Dath55s-X3stjh3cWBSotTNCere7E4hG/view?usp=sharing |
| 942 ## - ADDED ENTRY ELEMENTS (KOHA) |
| Koha item type |
AVM |
| 952 ## - LOCATION AND ITEM INFORMATION (KOHA) |
| Withdrawn status [LOCAL, KOHA] |
0 |
| 952 ## - LOCATION AND ITEM INFORMATION (KOHA) |
| Withdrawn status [LOCAL, KOHA] |
0 |
| 952 ## - LOCATION AND ITEM INFORMATION (KOHA) |
| Withdrawn status [LOCAL, KOHA] |
0 |
| 952 ## - LOCATION AND ITEM INFORMATION (KOHA) |
| Withdrawn status [LOCAL, KOHA] |
0 |
| 952 ## - LOCATION AND ITEM INFORMATION (KOHA) |
| Withdrawn status [LOCAL, KOHA] |
0 |